000 01292nam a2200337Ia 4500
003 OSt
005 20220912151346.0
006 a|||||r|||| 00| 0
007 ta
008 220909b |||||||| |||| 00| 0 eng d
020 _a3540439617 (hbd)
024 _a10472
037 _bAshutosh,
037 _cTextual
040 _aCSL
_beng
_cCSL
041 _aeng
082 _aB264p1,P01, P2
100 _aMullen Gary L Ed
111 _aInternational conference on finite fields with applications to coding theory, cryptography and related areas^j6th^gOaxaca, Mexico^iMay 21-25, 2001
245 0 _aProceeding by Gary L Mullen and REFs
260 _aBerlin
_bSpringer-Verlag
_c2002
300 _aix, 334p
500 _aIncludes bibliographical references; Index p335; ^n23/CSL/B/2002-2003/166^d2003-02-21^mPurchase; ; 2002-03/811^b2003-03-20^cATB/262^d2003-03-11^eRs.9,403.25^fAshutosh Technical Books; ; 2003-05-23^bSB^c2004-01-12^bVijay
650 _a Coding theory
650 _a Cryptography
650 _aMathematics
700 _a Stichtenoth Henning Ed
700 _a Tapia-Recillas Horacio Ed
942 _hB264p1,P01, P2
_cTEXL
_2CC
999 _c66964
_d66964